000 00294nam a22001217a 4500
082 _a891.4391
_bKAM
100 _aTabish Kamal
245 _aNoor-e- Mubeen (PBUH)
_cTabish Kamal
260 _aRawalpindi
_bKamal Publications
_c2019
300 _a216p
563 _aH.B
942 _2ddc
_cBK
999 _c595385
_d595385